| 000 | 00801cam a2200229 4500 | ||
|---|---|---|---|
| 008 | 090401t1996 xxu||||| |||| 00| 0 eng d | ||
| 020 | _a0948974133 | ||
| 035 | _a(Sirsi) u15702 | ||
| 041 | _aeng | ||
| 050 | _a549.66 | ||
| 110 |
_aLondon Hazards Centre _92141 |
||
| 245 | 4 | _aThe asbestos hazards handbook : a guide to safety at work, in the community and at home. | |
| 260 |
_aLondon _bLondon Hazards Centre _c1996 |
||
| 300 | _a144p. : ill. ; 21cm. | ||
| 350 | _a12 | ||
| 520 | _aExamines the hazards associated with asbestos, the procedures for removal and the safety of alternatives. | ||
| 650 | _aMANAGEMENT-HEALTH AND SAFETY-HAZARDOUS SUBSTANCES-ASBESTOS | ||
| 650 |
_aHEALTH AND SAFETY _96244 |
||
| 690 | _aBUILT ENVIRONMENT-BUILDING MATERIALS | ||
| 942 | _n0 | ||
| 948 | _c04/03/1997 | ||
| 999 |
_c87299 _d87299 |
||